Wiedza o Państwach - Statystyki

Ogólne statystyki
  • Ten quiz został rozwiązany 925 razy
  • Średni wynik to 7 z 9
Statystyki odpowiedzi
Zagadnienie Odpowiedź % Poprawnych
Andora graniczy z : Francją i Hiszpanią
100%
Na jakim kontynencie leży Laos w Azji
100%
Które Państwo jest największe? Rosja
96%
Brazylia nie graniczy z : Chile
87%
Sąsiadami Belgii są: Holandia,Niemcy,Francja,Luksemburg
83%
Stolicą Luksemburga jest: Luksemburg
83%
Stolicą Pakistanu jest: Islamabad
70%
Stolicą Armenii jest: Erywań
57%
Największym Państwem pod względem ludności są: Chiny
30%
Nie znaleziono quizów pasujących do podanych kryteriów
Rozkład punktacji
Procent ludzi z każdym wynikiem
Percentyl według liczby udzielonych odpowiedzi
Twoja historia wyników
Nie rozwiązałeś tego quizu